000 00395nam a2200133Ia 4500
008 151001s9999||||xx |||||||||||||| ||und||
100 _aबा सी आष्टीकर
245 _aडेथ वॉरंट
250 _a1
260 _bबांदोडकर पब्लिशिंग कंपनी मुंबई
260 _c1982
300 _a227
365 _b18
999 _c964852
_d964849